Statistics for The biggest defeats in World Cup history

Click here to take the quiz!

General Stats

  • This quiz has been taken 6 times
  • The average score is 17 of 22

Answer Stats

Answer% Correct
Brazil
100%
Germany
100%
Hungary
100%
Italy
100%
Poland
100%
Spain
100%
Sweden
100%
United States
100%
El Salvador
80%
North Korea
80%
Portugal
80%
Scotland
80%
South Korea
80%
Yugoslavia
80%
Zaire
80%
Bolivia
60%
Costa Rica
60%
Cuba
60%
Saudi Arabia
60%
Uruguay
60%
Haiti
40%
Turkey
40%

Score Distribution

Percentile by Number Answered

Percent of People with Each Score

Your Score History

You have not taken this quiz